Central Library OPAC University of Rajshahi

Reactor handbook : (Record no. 71997)

MARC details
000 -LEADER
fixed length control field 00828nam a2200253 a 4500
001 - CONTROL NUMBER
control field 71997
003 - CONTROL NUMBER IDENTIFIER
rucl marc code BD-RjUL
005 - DATE AND TIME OF LATEST TRANSACTION
control field 20211209082210.0
008 - FIXED-LENGTH DATA ELEMENTS--GENERAL INFORMATION
fixed length control field 170511s1955 nyua|||| |||| 001 0 eng d
035 ## - SYSTEM CONTROL NUMBER
System control number (BD-RjUL)72213
040 ## - CATALOGING SOURCE
Original cataloging agency BD-RjUL
Language of cataloging eng
Transcribing agency BD-RjUL
041 ## - LANGUAGE CODE
Language code of text/sound track or separate title eng
082 ## - DEWEY DECIMAL CLASSIFICATION NUMBER
Edition number 23
Classification number 621.483
Author mark and year REA 1955
245 10 - TITLE STATEMENT
Title Reactor handbook :
Remainder of title engineering /
Statement of responsibility, etc. Contributors: Argonne National Laboratory ... [et. al.]
260 ## - PUBLICATION, DISTRIBUTION, ETC. (IMPRINT)
Place of publication, distribution, etc. New York :
Name of publisher, distributor, etc. McGraw-Hill,
Date of publication, distribution, etc. 1955
300 ## - PHYSICAL DESCRIPTION
Pagination [6], 1075 p. :
Illustrations ill. ;
Size 27 cm
490 ## - SERIES STATEMENT
Series statement Selected reference material on atomic energy.
500 ## - GENERAL NOTE
General note Includes index
650 ## - SUBJECT ADDED ENTRY--TOPICAL TERM
Topical term or geographic name as entry element Nuclear engineering
9 (RLIN) 212949
Topical term or geographic name as entry element Nuclear reactors
9 (RLIN) 212950
710 ## - ADDED ENTRY--CORPORATE NAME
Corporate name or jurisdiction name as entry element Argonne National Laboratory
9 (RLIN) 158534
830 ## - SERIES ADDED ENTRY--UNIFORM TITLE
Uniform title Selected reference material on atomic energy.
942 ## - ADDED ENTRY ELEMENTS (KOHA)
Source of classification or shelving scheme Dewey Decimal Classification
Koha item type Books
Holdings
Lost status Source of classification or shelving scheme Damaged status Not for loan Collection code Permanent Location Current Location Shelving location Date acquired Source of acquisition Cost, normal purchase price Total Checkouts Full call number Date last seen Copy number Koha item type
  Dewey Decimal Classification   Not For Loan Non-fiction Central Library, University of Rajshahi Central Library, University of Rajshahi Reading Room 24/02/1958 Mahamud 73.20   621.483 REA 1955 11/05/2017 C-1 Books
  Dewey Decimal Classification     Non-fiction Central Library, University of Rajshahi Central Library, University of Rajshahi   24/02/1958 Mahamud 73.20   621.483 REA 1955 11/05/2017 C-2 Books